Detalles MARC
| 000 -CABECERA |
| campo de control de longitud fija |
01133nam a2200301 a 4500 |
| 001 - NÚMERO DE CONTROL |
| campo de control |
000001784 |
| 005 - FECHA Y HORA DE LA ÚLTIMA TRANSACCIÓN |
| campo de control |
20200929145711.0 |
| 008 - DATOS DE LONGITUD FIJA--INFORMACIÓN GENERAL |
| campo de control de longitud fija |
090629s2001 es 000 0 spa d |
| 020 ## - NÚMERO INTERNACIONAL ESTÁNDAR DEL LIBRO |
| Número Internacional Estándar del Libro |
8482394584 |
| 040 ## - FUENTE DE LA CATALOGACIÓN |
| Centro catalogador/agencia de origen |
DO-SdBNP |
| Lengua de catalogación |
spa |
| Centro/agencia transcriptor |
BNPHU |
| 082 ## - NÚMERO DE LA CLASIFICACIÓN DECIMAL DEWEY |
| Número de clasificación |
823.914 |
| Número de documento/Ítem |
D524c, 2001 |
| 100 1# - ENTRADA PRINCIPAL--NOMBRE DE PERSONA |
| Nombre de persona |
Wohl, Louis de |
| Fechas asociadas al nombre |
1903-1961 |
| 9 (RLIN) |
5791 |
| 240 10 - TÍTULO UNIFORME |
| Título uniforme |
The Restless Flame |
| Lenguaje de la obra |
inglés |
| 245 10 - MENCIÓN DE TÍTULO |
| Título |
Corazón inquieto : |
| Resto del título |
la vida de San Agustín / |
| Mención de responsabilidad, etc. |
Louis de Wohl ; traducción Joaquín Esteban Perruca. |
| 250 ## - MENCIÓN DE EDICIÓN |
| Mención de edición |
11a ed. |
| 260 ## - PUBLICACIÓN, DISTRIBUCIÓN, ETC. |
| Lugar de publicación, distribución, etc. |
Madrid : |
| Nombre del editor, distribuidor, etc. |
Ediciones Palabra, |
| Fecha de publicación, distribución, etc. |
2001. |
| 300 ## - DESCRIPCIÓN FÍSICA |
| Extensión |
284 p. ; |
| Dimensiones |
22 cm. |
| 490 0# - MENCIÓN DE SERIE |
| Mención de serie |
Palabra |
| Designación de volumen o secuencia |
51 |
| 500 ## - NOTA GENERAL |
| Nota general |
Incluye cronología de la época de San Agustín (p. 269-271) |
| 500 ## - NOTA GENERAL |
| Nota general |
Incluye notas al pie de las páginas |
| 534 ## - NOTA SOBRE LA VERSIÓN ORIGINAL |
| Frase introductoria |
Título original en inglés |
| Mención de título del original |
The Restless Flame |
| 600 14 - PUNTO DE ACCESO ADICIONAL DE MATERIA--NOMBRE DE PERSONA |
| Nombre de persona |
AUGUSTINUS, AURELIUS, |
| Títulos y otros términos asociados al nombre |
SANTO, BISPO DE HIPONA, |
| Fechas asociadas al nombre |
354-430 |
| Subdivisión de forma |
FICCIÓN |
| 9 (RLIN) |
5792 |
| 650 #4 - PUNTO DE ACCESO ADICIONAL DE MATERIA--TÉRMINO DE MATERIA |
| Término de materia o nombre geográfico como elemento de entrada |
Literatura inglesa |
| Subdivisión general |
Siglo xx |
| 9 (RLIN) |
5793 |
| 650 #4 - PUNTO DE ACCESO ADICIONAL DE MATERIA--TÉRMINO DE MATERIA |
| Término de materia o nombre geográfico como elemento de entrada |
Literatura religiosa |
| Subdivisión general |
Siglo xx |
| 9 (RLIN) |
5794 |
| 700 1# - PUNTO DE ACCESO ADICIONAL--NOMBRE DE PERSONA |
| Nombre de persona |
Perruca, Joaquín Esteban, |
| Término indicativo de función/relación |
tr. |
| 9 (RLIN) |
5795 |
| 830 #0 - PUNTO DE ACCESO ADICIONAL DE SERIE-TÍTULO UNIFORME |
| Título uniforme |
Palabra |
| Designación de volumen o secuencia |
51 |
| 9 (RLIN) |
5796 |
| 910 0# - DATOS DE OPCIÓN DEL USUARIO (OCLC) |
| Datos de opción del usuario |
Validado. Control de calidad MMOLINA |